| 000 | 00619nam a2200181 i 4500 | ||
|---|---|---|---|
| 001 | 29178 | ||
| 003 | ES-MaACL | ||
| 005 | 20230906154003.0 | ||
| 007 | t| | ||
| 008 | 030121s1864 sp ||||1| spa d | ||
| 080 | _a338.1(460)"18" | ||
| 100 | 1 |
_aBarbier, José. _925456 |
|
| 245 | 1 | 0 |
_aCuestión de actualidad : _bal Gobierno, a los banqueros y establecimientos de crédito y al comercio en general / _cJosé Barbier. |
| 260 |
_aMadrid : _b[s.n.], _c1864 ( _fImp. de José Fernández Cancela) |
||
| 300 |
_a36 p. ; _c20 cm. |
||
| 651 | 4 |
_aEspaña- _xSituación económica- _yS.XIX. _98504 |
|
| 852 | 4 |
_aES-MaACL _jT-73-F-5 |
|
| 999 |
_c29178 _d29178 |
||